000 00678nam a22002297a 4500
003 BUBTL
008 211011b ||||| |||| 00| 0 eng d
020 _a0393976041
082 _a823.7/ Au74p/ 2001
100 _94276
_aAusten, Jane
245 _aPride and prejudice /
_cJane Austen
250 _a1st Edn.
260 _aNew York:
_bW.W.Norton & Company,
_cc2001.
300 _aviii,413 p.:
_c20 cm.
440 _94237
_aA Norton Critical Edition.
505 _aPride and prejudice, Austen, Jane, Jane Austen
650 0 _91994
_aEnglish Literature
700 _94277
_aGray, Donald
856 _k0
_l0
_yDownload
942 _2ddc
_cBK
999 _c6558
_d6558